000 00859pam a2200289 a 4500
001 1860933
003 OSt
005 20240628102723.0
008 820913s1983 enk b 001 0 eng
010 _a 82018169
020 _a0043350488
020 _a0043350496 (pbk.)
040 _cmust
050 0 0 _aHX73
_b.N67 1983
082 0 0 _a338.9 NOV 1983
_219
100 1 _aNove, Alec.
_918277
245 1 4 _aThe economics of feasible socialism /
_cAlec Nove.
260 _aLondon ;
_aBoston :
_bG. Allen & Unwin,
_c1983.
300 _axi, 244 p. ;
_c25 cm.
504 _aIncludes bibliographical references and indexes.
650 0 _aSocialism.
_918278
650 0 _aSocialism
_xHistory.
_918279
650 0 _aMarxian economics.
_918280
650 0 _aEconomic history.
_917921
906 _a7
_bcbc
_corignew
_d1
_eocip
_f19
_gy-gencatlg
942 _2ddc
_cO_SHELF
999 _c9002
_d9002